ბათუმის შოთა რუსთაველის სახელმწიფო უნივერსიტეტის ბიბლიოთეკა

Дискретное динамическое программирование (ბიბ.ჩანაწერი № 40467)

000 -LEADER
fixed length control field 00717nam a2200229Ia 4500
001 - CONTROL NUMBER
control field 7078
003 - CONTROL NUMBER IDENTIFIER
control field GE_BSU
008 - FIXED-LENGTH DATA ELEMENTS--GENERAL INFORMATION
fixed length control field 181216s||||||||xx |||||||||||||| ||und||
040 ## - CATALOGING SOURCE
Transcribing agency GE_BSU
080 ## - UNIVERSAL DECIMAL CLASSIFICATION NUMBER
Universal Decimal Classification number 519.85
100 ## - MAIN ENTRY--PERSONAL NAME
Personal name Арис,Р.
245 ## - TITLE STATEMENT
Title Дискретное динамическое программирование
245 ## - TITLE STATEMENT
Remainder of title Введение в оптимизацию многошаговых процессов
245 ## - TITLE STATEMENT
Statement of responsibility, etc. Ред.Б.Т.Поляка
260 ## - PUBLICATION, DISTRIBUTION, ETC.
Place of publication, distribution, etc. Москва
260 ## - PUBLICATION, DISTRIBUTION, ETC.
Name of publisher, distributor, etc. Мир
260 ## - PUBLICATION, DISTRIBUTION, ETC.
Date of publication, distribution, etc. 1969
300 ## - PHYSICAL DESCRIPTION
Extent 171стр.
300 ## - PHYSICAL DESCRIPTION
Accompanying material Библиогр.стр.167
653 ## - INDEX TERM--UNCONTROLLED
Uncontrolled term Дискретное динамическое программирование
942 ## - ADDED ENTRY ELEMENTS (KOHA)
Koha item type წიგნი
ეგზემპლარები
Withdrawn status Lost status Damaged status Not for loan Date acquired Barcode Date last seen Price effective from Koha item type
        2018-12-17 17927 2018-12-17 2018-12-17 წიგნი